Best Current USA NHL Players - Statistics

General Stats
  • This quiz has been taken 139 times
    76 since last reset
  • The average score is 21 of 32
Answer Stats
Position Team/Current FA and Last Played For State Born Answer % Correct
Forward Toronto Maple Leafs California Auston Matthews
97%
Forward New Jersey Devils Florida Jack Hughes
95%
Defensemen Vancouver Canucks Florida Quinn Hughes
95%
Forward Detriot Red Wings Michigan Dylan Larkin
89%
Forward Chicago Blackhawks (Currently FA) New York Patrick Kane
87%
Forward Ottawa Senators Arizona Brady Tkachuk
85%
Forward Florida Panthers Arizona Matthew Tkachuk
85%
Forward Dallas Stars California Jason Robertson
82%
Forward Vegas Golden Knights Massachusetts Jack Eichel
79%
Forward Buffalo Sabres Arizona Tage Thompson
77%
Forward Montreal Canadiens Wisconsin Cole Caufield
70%
Forward Winnipeg Jets Michigan Kyle Connor
70%
Defensemen New York Rangers New York Adam Fox
69%
Goalie Boston Bruins Alaska Jeremy Swayman
69%
Forward Arizona Coyotes Missouri Clayton Keller
67%
Forward Anaheim Ducks New York Trevor Zegras
64%
Forward Columbus Blue Jackets New Jersey Johnny Gaudreau
61%
Defensemen Boston Bruins New York Charlie McAvoy
59%
Goalie Winnipeg Jets Michigan Connor Hellebuyck
59%
Goalie Dallas Stars Minnesota Jake Oettinger
59%
Defensemen Washington Capitals Massachusetts John Carlson
59%
Goalie Vancouver Canucks California Thatcher Demko
57%
Forward Pittsburgh Penguins Nebraska Jake Guentzel
56%
Forward Dallas Stars Wisconsin Joe Pavelski
56%
Defensemen Columbus Blue Jackets Michigan Zach Werenski
54%
Forward Washington Capitals Washington TJ Oshie
52%
Forward Detroit Red Wings Michigan Alex DeBrincat
43%
Defensemen Carolina Hurricanes Colorado Jaccob Slavin
43%
Defensemen New York Rangers Minnesota K'Andre Miller
41%
Forward New York Rangers Minnesota Blake Wheeler
28%
Forward Vegas Golden Knights Wisconsin Phil Kessel
25%
Forward Washington Capitals Connecticut Max Pacioretty
20%
No matching quizzes found
Score Distribution
Percent of People with Each Score
Percentile by Number Answered
Your Score History
You have not taken this quiz since the last reset